000 00863cam a2200265 a 4500
001 000005466
005 20200929151703.0
008 891025s1985 sp b 000 p spa c
020 _a8437605245
040 _aDO-SdBNP
_cMH
_dDLC
082 _a861.64
_bV154e
100 1 _aValente, José Ángel,
_d1929-2000
_915522
245 1 0 _aEntrada en materia /
_cJosé Ángel Valente ; edición de Jacques Ancet.
260 _aMadrid :
_bCátedra,
_c1985.
300 _a210 p. ;
_c18 cm.
490 1 _aLetras hispánicas
_v216
504 _aIncluye referencias bibliográficas (p. 35-41).
650 4 _aPoesía española
_9631
650 4 _aLiteratura española
_9632
650 4 _aPoesía española
_xColecciones
_93395
700 1 _aAncet, Jacques,
_eed.
_915523
830 0 _aLetras hispánicas ;
_v216
_94208
910 _aCatalogación por copia / LC
910 _aWM
999 _c5265
_d5265